Nommez cette personne historique n°3 - Statistiques

Statistiques générales
  • Ce quiz a été pris 829 fois
  • Le résultat moyen est 13 sur 20
Statistiques - réponses
Par images Réponse % Correct
Adolf Hitler
98%
Albert Einstein
98%
Napoléon Ier
98%
Charles de Gaulle
96%
Abraham Lincoln
92%
Victoria
81%
Louis Armstrong
79%
Grigori Raspoutine
74%
Margaret Thatcher
72%
Socrate
66%
Mao Zedong
65%
Franklin Roosevelt
58%
Rosa Parks
58%
Charles Darwin
55%
John Lennon
52%
Isaac Newton
51%
Audrey Tautou
50%
Dwight Eisenhower
33%
Ernest Hemingway
11%
Louis Braille
8%
Aucun quiz correspondant
Distribution des résultats
% des personnes avec chaque résultat
Percentile par nombre de réponses
Votre historique - résultats
Vous n’avez pas pris ce quiz